| 000 | 00428nam a2200193Ia 4500 | ||
|---|---|---|---|
| 003 | 0100 | ||
| 008 | 130303s9999 xx 000 0 und d | ||
| 040 | _cARRUPELIB | ||
| 050 | _aPR9390.9.M3B5 1990 | ||
| 100 | _aMarechera, Dambudzo | ||
| 245 | 4 | _aThe Black insider | |
| 260 | _aHarare | ||
| 260 | _bBaobab | ||
| 260 | _C1990 | ||
| 300 | _a128p. | ||
| 300 | _b 23 cm | ||
| 700 | _aVeit-Wild, Flora (ed.) | ||
| 942 | 0 | 0 | _02 |
| 999 |
_c20536 _d20536 |
||